Operations research; (Record no. 541527)

000 -LEADER
fixed length control field 00546nam a2200157 4500
082 00 - DEWEY DECIMAL CLASSIFICATION NUMBER
Classification number 003
Author Mark TAH
100 1# - MAIN ENTRY--PERSONAL NAME
Personal name Taha, Hamdy A.
9 (RLIN) 8609
245 10 - TITLE STATEMENT
Title Operations research;
Statement of responsibility, etc. an introduction [by] Hamdy A. Taha.
260 ## - PUBLICATION, DISTRIBUTION, ETC.
Place of publication, distribution, etc. New York,
Name of publisher, distributor, etc. Macmillan
Date of publication, distribution, etc. [1969]
300 ## - PHYSICAL DESCRIPTION
Extent xvi, 703 p.
Other physical details illus.
Dimensions 24 cm.
500 ## - GENERAL NOTE
General note Preliminary ed. published in 1968 under title: Introduction to operations research.
526 ## - STUDY PROGRAM INFORMATION NOTE
Program name 0
Interest level 0
Reading level 0
Title point value 003_000000000000000_TAH
650 #0 - SUBJECT ADDED ENTRY--TOPICAL TERM
Topical term or geographic name entry element Operations research.
9 (RLIN) 7262
650 #0 - SUBJECT ADDED ENTRY--TOPICAL TERM
Topical term or geographic name entry element Programming (Mathematics)
9 (RLIN) 7264
942 ## - ADDED ENTRY ELEMENTS (KOHA)
Source of classification or shelving scheme
Koha item type Book
Holdings
Withdrawn status Lost status Source of classification or shelving scheme Damaged status Not for loan Permanent Location Current Location Date acquired Total Checkouts Full call number Barcode Date last seen Price effective from Koha item type
          Military College of Engineering (MCE) Military College of Engineering (MCE) 08/05/2013   003 TAH MCE-41876 08/05/2013 08/05/2013 Book
© 2023 Central Library, National University of Sciences and Technology. All Rights Reserved.